25 Największych Miast Europy Środkowej na Mapie - Statystyki

Ogólne statystyki
  • Ten quiz został rozwiązany 39 razy
  • Średni wynik to 21 z 24
Odpowiedzi na mapie
Odpowiedzi zakodowano w zielono-czerwonej skali na mapie do tego quizu, zgodnie z poniższymi procentami.
 
Statystyki odpowiedzi
Państwo Miasto Populacja % Poprawnych
Polska Gdańsk 490k
100%
Słowacja Bratysława 480k
97%
Węgry Budapeszt 1,7 mln
97%
Polska Kraków 810k
97%
Polska Poznań 540k
97%
Czechy Praga 1,4 mln
97%
Polska Szczecin 390k
97%
Polska Warszawa 1,8 mln
97%
Austria Wiedeń 2 mln
97%
Polska Wrocław 670k
97%
Niemcy Berlin 3,7 mln
94%
Polska Łódź 650k
94%
Niemcy Monachium 1,5 mln
94%
Polska Lublin 330k
90%
Szwajcaria Zurych 440k
87%
Niemcy Hamburg 1,8 mln
84%
Czechy Brno 400k
81%
Niemcy Drezno 560k
77%
Niemcy Lipsk 610k
77%
Niemcy Brema 590k
71%
Niemcy Frankfurt 760k
71%
Niemcy Stuttgart 610k
71%
Niemcy Hanower 520k
65%
Niemcy Norymberga 530k
61%
Nie znaleziono quizów pasujących do podanych kryteriów
Rozkład punktacji
Procent ludzi z każdym wynikiem
Percentyl według liczby udzielonych odpowiedzi
Twoja historia wyników
Nie rozwiązałeś tego quizu